00539nam a2200157Ia 4500008004100000020001500041082001600056100002500072245001800097260007600115300002000191490001300211942004700224952009500271999001500366250529s9999 xx 000 0 und d a9991571884 a891.4891SHA aHussain Salaahudheen 0ashaikhzubairu aMale'bDhivehi Bahaai Thaareekhah Khidhumaiykuraa Qaumee Marukazuc1999 a207 p. ; 22 cm. vMalas 36 h891.4891iSHAcAD6891_489100000000000_SHA 93738aKFPLbKFPLcDHId2025-05-29l0o891.4891SHApKL-2024-001125r2025-05-29 12:12:45yAD c3432d3432